ZKM Gdynia - 190 - Statystyki

Ogólne statystyki
  • Ten quiz został rozwiązany 18 razy
  • Średni wynik to 12 z 13
Statystyki odpowiedzi
Przystanek Ulica % Poprawnych
Plac Kaszubski Wójta Radtkego
100%
Stawna Wielkokacka
100%
Witomino Centrum Wielkokacka
100%
Witomino Leśniczówka II MPS
100%
3 Maja 10 Lutego
92%
Armii Krajowej Władysława IV
92%
Cmentarz Witomiński Witomińska
92%
Gdynia Dworzec Gł. PKP - Dworcowa Dworcowa
92%
Plac Kaszubski - Jana z Kolna Jana z Kolna
92%
Poznańska Witomińska
92%
Rolnicza Rolnicza
92%
Gdynia Dworzec Gł. PKP - Hala Jana z Kolna
83%
Urząd Miasta - Władysława IV Władysława IV
83%
Nie znaleziono quizów pasujących do podanych kryteriów
Rozkład punktacji
Procent ludzi z każdym wynikiem
Percentyl według liczby udzielonych odpowiedzi
Twoja historia wyników
Nie rozwiązałeś tego quizu